[Event "National Chess Championship 2015"]
[Site "SLIIT,Malambe"]
[Date "2015.07.04"]
[Round "1"]
[Board "1"]
[White "Edirisinghe, Dulan"]
[Black "Galappaththi, Chinthaka Anurud"]
[Result "0-1"]
[WhiteElo "2051"]
[BlackElo "2098"]
[PlyCount "128"]
[EventDate "2015.07.04"]
[EventRounds "13"]
[EventCountry "SRI"]

1. d4 g6 2. e4 Bg7 3. Nf3 d6 4. Nc3 c6 5. Be3 b5 6. a3 a6 7. Qd2 Nd7 8. Rd1 Qc7
9. Be2 Bb7 10. O-O Ngf6 11. b4 O-O 12. Ne1 c5 13. dxc5 dxc5 14. Bf4 e5 15. Be3
cxb4 16. axb4 Rfd8 17. Nd5 Nxd5 18. exd5 Nf6 19. d6 Qc6 20. Bf3 e4 21. Be2 Ne8
22. Bc5 Nxd6 23. c4 Bf8 24. cxb5 axb5 25. Qg5 Qc7 26. Qe5 Bg7 27. Qg3 Bf8 28.
Nc2 Ne8 29. Qxc7 Nxc7 30. Bxf8 Kxf8 31. Nd4 Rd5 32. Rc1 Rxd4 33. Rxc7 Bd5 34.
Bxb5 Rxb4 35. Rc5 Be6 36. Bc6 Ra2 37. Bd5 Bxd5 38. Rxd5 Rbb2 39. Re5 Re2 40. g4
f6 41. Rb5 e3 42. Rc1 exf2+ 43. Kf1 Re1+ 44. Rxe1 fxe1=Q+ 45. Kxe1 Rxh2 46. Kf1
Kg7 47. g5 fxg5 48. Rxg5 h5 49. Kg1 Ra2 50. Rb5 Kh6 51. Kh1 h4 52. Kg1 g5 53.
Kh1 Kh5 54. Rb4 h3 55. Kg1 g4 56. Kh1 g3 57. Rb1 Rd2 58. Kg1 Kg4 59. Re1 Kf3
60. Kh1 Kf2 61. Rf1+ Ke2 62. Kg1 Rd1 63. Rxd1 Kxd1 64. Kf1 Kd2 0-1

[Event "National Chess Championship 2015"]
[Site "SLIIT,Malambe"]
[Date "2015.07.04"]
[Round "1"]
[Board "2"]
[White "Thilakarathne, G M H"]
[Black "Peiris, T S S"]
[Result "1/2-1/2"]
[WhiteElo "1972"]
[BlackElo "2022"]
[PlyCount "121"]
[EventDate "2015.07.04"]
[EventRounds "13"]
[EventCountry "SRI"]

1. e4 e6 2. d4 d5 3. e5 c5 4. c3 Bd7 5. Nf3 Qb6 6. Be2 Bb5 7. O-O Nc6 8. Bxb5
Qxb5 9. Na3 Qb6 10. dxc5 Bxc5 11. b4 Be7 12. Be3 Qc7 13. Nb5 Qd7 14. Nbd4 Bd8
15. Qe2 Nge7 16. Rfd1 O-O 17. Nb3 Bc7 18. Bc5 Rfd8 19. Bxe7 Qxe7 20. Nc5 Bb6
21. Na4 Qc7 22. Rac1 Rdc8 23. h4 h6 24. a3 a5 25. b5 Ne7 26. c4 Qd8 27. c5 Bc7
28. h5 b6 29. c6 Rab8 30. Nd4 g6 31. Rc3 Kh7 32. Rf3 Qg8 33. Nb2 Qg7 34. Nd3
Rg8 35. Rg3 Qh8 36. Re1 Rbe8 37. Qf3 Nf5 38. hxg6+ fxg6 39. Nxf5 gxf5 40. Rh3
Rg5 41. g3 Qg7 42. Kg2 Rh8 43. Nf4 Qe7 44. Ra1 Kg7 45. Nh5+ Kf7 46. Nf6 Rg6 47.
Nd7 Kg7 48. Qe3 Qg5 49. Qxg5 Rxg5 50. f4 Rg6 51. Kf3 Bd8 52. Rc1 Bc7 53. Nf6
Kf7 54. Rh5 Kg7 55. Rch1 Bd8 56. Nd7 Bc7 57. Rc1 Kf7 58. Nf6 Kg7 59. Nd7 Kf7
60. Nf6 Kg7 61. Nd7 1/2-1/2

[Event "National Chess Championship 2015"]
[Site "SLIIT,Malambe"]
[Date "2015.07.04"]
[Round "1"]
[Board "3"]
[White "Weerawardane, Romesh"]
[Black "Herath, H M A K"]
[Result "1-0"]
[WhiteElo "2110"]
[BlackElo "2014"]
[PlyCount "81"]
[EventDate "2015.07.04"]
[EventRounds "13"]
[EventCountry "SRI"]

1. d4 d5 2. c4 e6 3. Nc3 c5 4. Nf3 Nc6 5. cxd5 exd5 6. g3 Nf6 7. Bg2 Be7 8. O-O
O-O 9. Bg5 cxd4 10. Nxd4 h6 11. Be3 Bg4 12. h3 Bc8 13. Rc1 Re8 14. Qd2 Bb4 15.
Qd3 a6 16. Nxc6 bxc6 17. Na4 Re6 18. Nb6 Rb8 19. Nxc8 Qxc8 20. Rc2 Qb7 21. Rfc1
a5 22. h4 Bf8 23. Bd4 Nd7 24. Bh3 Ne5 25. Qc3 Bb4 26. Qe3 Nc4 27. Qd3 Ne5 28.
Qf5 Rbe8 29. Qh5 R6e7 30. f4 Nc4 31. b3 Na3 32. Rxc6 Rxe2 33. Rc7 Re1+ 34. Bf1
Rxf1+ 35. Kxf1 Qa6+ 36. Kf2 Rf8 37. Qg4 Qg6 38. Qxg6 fxg6 39. Rxg7+ Kh8 40.
Rcc7 Re8 41. Rxg6+ 1-0

[Event "National Chess Championship 2015"]
[Site "SLIIT,Malambe"]
[Date "2015.07.04"]
[Round "1"]
[Board "4"]
[White "Doluweera, Minul Sanjula"]
[Black "Priyankara, Chamil"]
[Result "1/2-1/2"]
[WhiteElo "2042"]
[BlackElo "2018"]
[PlyCount "117"]
[EventDate "2015.07.04"]
[EventRounds "13"]
[EventCountry "SRI"]

1. c4 Nf6 2. Nc3 g6 3. g3 Bg7 4. Bg2 O-O 5. e3 c6 6. Nge2 e5 7. d4 d6 8. O-O
Qe7 9. Qc2 Re8 10. dxe5 dxe5 11. e4 Na6 12. a3 Be6 13. Nd1 b5 14. Ne3 Rab8 15.
cxb5 cxb5 16. b4 Rec8 17. Nc3 Nc7 18. Rb1 Nce8 19. Bb2 Nd6 20. Qe2 Nc4 21. Ncd5
Bxd5 22. exd5 Nxb2 23. Rxb2 Ne8 24. Rc2 Rxc2 25. Nxc2 Qc7 26. Ne1 Qc3 27. Nd3
Qxa3 28. Nxe5 Nd6 29. Nc6 Re8 30. Qg4 Bc3 31. Qf4 Nc4 32. d6 Nb6 33. Bh3 f5 34.
Rd1 Qb3 35. Qf3 Nd7 36. Ne7+ Kf7 37. Rc1 Qxb4 38. Rxc3 Qxd6 39. Nc6 Re1+ 40.
Bf1 Nc5 41. Kg2 Ne4 42. Qd3 Rd1 43. Qxd6 Rxd6 44. Rc2 a6 45. Nb8 Ke6 46. Rc7
Rd2 47. Nxa6 Rxf2+ 48. Kg1 Rb2 49. Rb7 Ng5 50. Bxb5 Nf3+ 51. Kf1 Nxh2+ 52. Ke1
Nf3+ 53. Kd1 Rb1+ 54. Kc2 Rg1 55. Bc4+ Kf6 56. Rxh7 Rxg3 57. Nc5 Ne5 58. Nd7+
Nxd7 59. Rxd7 1/2-1/2

[Event "National Chess Championship 2015"]
[Site "SLIIT,Malambe"]
[Date "2015.07.04"]
[Round "1"]
[Board "5"]
[White "Kurukulasuriya, Prasanna"]
[Black "Subasinghe, K R V R"]
[Result "1/2-1/2"]
[WhiteElo "2084"]
[BlackElo "1874"]
[PlyCount "65"]
[EventDate "2015.07.04"]
[EventRounds "13"]
[EventCountry "SRI"]

1. e4 e5 2. Nf3 Nc6 3. Bb5 Nd4 4. Nxd4 exd4 5. O-O g6 6. c3 Bg7 7. cxd4 Ne7 8.
d5 O-O 9. Be2 d6 10. d3 f5 11. f4 c6 12. dxc6 Qb6+ 13. Kh1 bxc6 14. Nd2 Ba6 15.
Nf3 h6 16. Rb1 Rae8 17. a4 Kh7 18. Re1 Ng8 19. e5 dxe5 20. Nxe5 Bxe5 21. fxe5
Rxe5 22. d4 Bxe2 23. Rxe2 Rxe2 24. Qxe2 Qxd4 25. h3 Qe4 26. Qxe4 fxe4 27. Be3
a6 28. Rd1 Nf6 29. Rd6 Nd5 30. Rd7+ Kg8 31. Bxh6 Rf7 32. Rd8+ Kh7 33. Bg5 {
Poor Recording} 1/2-1/2

[Event "National Chess Championship 2015"]
[Site "SLIIT,Malambe"]
[Date "2015.07.04"]
[Round "1"]
[Board "6"]
[White "Naotunna, Dineth Nimnaka"]
[Black "Alahakoon, Isuru"]
[Result "1/2-1/2"]
[WhiteElo "1930"]
[BlackElo "2054"]
[PlyCount "82"]
[EventDate "2015.07.04"]
[EventRounds "13"]
[EventCountry "SRI"]

1. d4 Nf6 2. c4 e6 3. Nc3 Bb4 4. e3 O-O 5. Nge2 d5 6. a3 Bd6 7. c5 Be7 8. b4 c6
9. Ng3 a5 10. Bd2 e5 11. Be2 axb4 12. axb4 Rxa1 13. Qxa1 e4 14. f3 exf3 15.
Bxf3 h5 16. O-O h4 17. Nge2 Ng4 18. h3 Nf6 19. Qb1 Na6 20. b5 Nc7 21. Qd3 Ne6
22. Nf4 Ng5 23. Kh1 Nxf3 24. gxf3 Nh7 25. e4 g5 26. Rg1 Kh8 27. exd5 gxf4 28.
Bxf4 cxd5 29. Be5+ Bf6 30. f4 Qd7 31. Kh2 Qf5 32. Qxf5 Bxf5 33. Nxd5 Bxe5 34.
fxe5 Rd8 35. Ne7 Be6 36. d5 Ra8 37. Re1 Ng5 38. dxe6 Nxe6 39. c6 bxc6 40. bxc6
Ra2+ 41. Kg1 Rc2 {poor recording} 1/2-1/2

[Event "National Chess Championship 2015"]
[Site "SLIIT,Malambe"]
[Date "2015.07.04"]
[Round "1"]
[Board "7"]
[White "Piyumantha, M Sasith Nipun"]
[Black "De Silva, Elath Mathanga"]
[Result "0-1"]
[WhiteElo "1928"]
[BlackElo "1985"]
[PlyCount "100"]
[EventDate "2015.07.04"]
[EventRounds "13"]
[EventCountry "SRI"]

1. d4 Nf6 2. c4 g6 3. Nc3 Bg7 4. e4 O-O 5. f3 d6 6. Bg5 c5 7. d5 a6 8. Qd2 Re8
9. Bd3 Nbd7 10. Nh3 Ne5 11. Nf2 Qa5 12. Ncd1 Qxd2+ 13. Kxd2 e6 14. Ne3 h6 15.
Bf4 Nh5 16. Bg3 Nxd3 17. Nxd3 e5 18. Be1 b5 19. b4 cxb4 20. cxb5 axb5 21. Nxb4
f5 22. a3 fxe4 23. fxe4 Nf6 24. Kd3 Nd7 25. Nd1 Nc5+ 26. Ke3 h5 27. h3 Bh6+ 28.
Ke2 Nb3 29. Rb1 Nd4+ 30. Kd3 Rxa3+ 31. Nc3 Bd7 32. Rb2 Nb3 33. Kc2 Nc5 34. Bd2
Bxd2 35. Kxd2 Rf8 36. Nd3 Nxd3 37. Kxd3 Rc8 38. Rc1 Rc4 39. Kd2 Rd4+ 40. Ke2 b4
41. Nb1 Rxe4+ 42. Kf2 Ra1 43. Rc7 Bf5 44. g3 h4 45. Rc6 hxg3+ 46. Kxg3 Re3+ 47.
Kf2 Rxh3 48. Nd2 e4 49. Nf1 Rf3+ 50. Ke2 Bg4 0-1

[Event "National Chess Championship 2015"]
[Site "SLIIT,Malambe"]
[Date "2015.07.04"]
[Round "2"]
[Board "1"]
[White "Galappaththi, Chinthaka Anurud"]
[Black "De Silva, Elath Mathanga"]
[Result "0-1"]
[WhiteElo "2098"]
[BlackElo "1985"]
[PlyCount "78"]
[EventDate "2015.07.04"]
[EventRounds "13"]
[EventCountry "SRI"]

1. d4 Nf6 2. Nf3 g6 3. c4 c5 4. d5 Bg7 5. Nc3 d6 6. e4 O-O 7. h3 e5 8. g4 a6 9.
Bg5 Qa5 10. Qd2 Re8 11. Bd3 Bd7 12. a4 b5 13. cxb5 Qb4 14. bxa6 c4 15. Bc2 Nxa6
16. O-O h5 17. Bxf6 Bxf6 18. gxh5 Bxh3 19. hxg6 Kg7 20. Rfe1 Rh8 21. Ng5 Bxg5
22. Qxg5 Rh6 23. Re3 Rxg6 24. Qxg6+ fxg6 25. Rxh3 Qxb2 26. Rb1 Qxc2 27. Rb7+
Kg8 28. Rhh7 Qc1+ 29. Kg2 Qg5+ 30. Kf1 Qf6 31. Ke2 Nc5 32. Ra7 Rf8 33. Nd1 Qf3+
34. Kd2 Nxe4+ 35. Kc1 Rb8 36. Rag7+ Kf8 37. Rh8+ Kxg7 38. Rxb8 Qa3+ 39. Kc2
Qxa4+ 0-1

[Event "National Chess Championship 2015"]
[Site "SLIIT,Malambe"]
[Date "2015.07.04"]
[Round "2"]
[Board "2"]
[White "Alahakoon, Isuru"]
[Black "Piyumantha, M Sasith Nipun"]
[Result "1/2-1/2"]
[WhiteElo "2054"]
[BlackElo "1928"]
[PlyCount "104"]
[EventDate "2015.07.04"]
[EventRounds "13"]
[EventCountry "SRI"]

1. Nf3 c5 2. g3 g6 3. Bg2 Bg7 4. O-O Nc6 5. d3 d6 6. e4 e5 7. Bg5 Nge7 8. Qd2
O-O 9. Nc3 Be6 10. Bh6 f6 11. Bxg7 Kxg7 12. Nh4 d5 13. f4 exf4 14. gxf4 f5 15.
exf5 Nxf5 16. Nxf5+ Rxf5 17. Rae1 Qd7 18. Ne2 Rf6 19. Qc3 Qd6 20. Ng3 Nd4 21.
Qd2 Raf8 22. c3 Nf5 23. Nxf5+ Rxf5 24. Qe3 R5f6 25. d4 c4 26. Qe5 Qxe5 27. fxe5
Rxf1+ 28. Rxf1 Rxf1+ 29. Kxf1 g5 30. Kf2 Kg6 31. Kg3 h5 32. h4 g4 33. Kf4 b5
34. b3 a5 35. bxc4 bxc4 36. a3 Kh6 37. Bf1 Kg6 38. Be2 Bf5 39. Bd1 Be6 40. Ba4
Kf7 41. Bd1 Kg6 42. Bc2+ Kf7 43. Bd1 Kg6 44. Be2 Kh6 45. Ke3 Kg6 46. Bd1 Kf7
47. Kf2 Kg6 48. Kg3 Kg7 49. Be2 Kf7 50. Kf4 Kg7 51. Bd1 Kg6 52. Bc2+ Kg7
 1/2-1/2

[Event "National Chess Championship 2015"]
[Site "SLIIT,Malambe"]
[Date "2015.07.04"]
[Round "2"]
[Board "3"]
[White "Subasinghe, K R V R"]
[Black "Naotunna, Dineth Nimnaka"]
[Result "1-0"]
[WhiteElo "1874"]
[BlackElo "1930"]
[PlyCount "85"]
[EventDate "2015.07.04"]
[EventRounds "13"]
[EventCountry "SRI"]

1. e4 c5 2. d4 cxd4 3. c3 e6 4. cxd4 d5 5. exd5 exd5 6. Nf3 Nf6 7. Bd3 Bb4+ 8.
Bd2 Bxd2+ 9. Nbxd2 O-O 10. O-O Nc6 11. Rc1 Bg4 12. Qb3 Rb8 13. Rfe1 Qd6 14. h3
Bd7 15. Bb1 Nh5 16. Qd3 f5 17. Ne5 Rbe8 18. Ndf3 Nf4 19. Qd2 Ng6 20. Nxg6 Qxg6
21. Qf4 Re4 22. Qc7 Bc8 23. Bxe4 fxe4 24. Ne5 Qf6 25. Nxc6 Qxf2+ 26. Kh1 bxc6
27. Qxc6 Bxh3 28. Qxd5+ Kh8 29. Qxe4 Bxg2+ 30. Qxg2 Qh4+ 31. Qh2 Qg4 32. Rc3
Qxd4 33. Rh3 Kg8 34. Rhe3 Qd5+ 35. Qg2 Qh5+ 36. Kg1 h6 37. Re5 Qh4 38. R1e4 Qd8
39. Re1 Qd4+ 40. R1e3 Qd1+ 41. Re1 Qd4+ 42. R5e3 Rf4 43. Kh2 1-0

[Event "National Chess Championship 2015"]
[Site "SLIIT,Malambe"]
[Date "2015.07.04"]
[Round "2"]
[Board "4"]
[White "Priyankara, Chamil"]
[Black "Kurukulasuriya, Prasanna"]
[Result "1-0"]
[WhiteElo "2018"]
[BlackElo "2084"]
[PlyCount "41"]
[EventDate "2015.07.04"]
[EventRounds "13"]
[EventCountry "SRI"]

1. e4 c5 2. Nc3 a6 3. f4 b5 4. g3 Bb7 5. Bg2 e6 6. d3 d5 7. Nf3 Nf6 8. e5 Nfd7
9. O-O Be7 10. Qe2 Nc6 11. f5 Nf8 12. g4 Bc8 13. f6 gxf6 14. exf6 Bd6 15. Nxd5
Bb7 16. Nc3 Ng6 17. Ne4 Nb4 18. Nfg5 O-O 19. Nxd6 Bxg2 20. Qxg2 h6 21. Nge4 1-0

[Event "National Chess Championship 2015"]
[Site "SLIIT,Malambe"]
[Date "2015.07.04"]
[Round "2"]
[Board "5"]
[White "Herath, H M A K"]
[Black "Doluweera, Minul Sanjula"]
[Result "1/2-1/2"]
[WhiteElo "2014"]
[BlackElo "2042"]
[PlyCount "88"]
[EventDate "2015.07.04"]
[EventRounds "13"]
[EventCountry "SRI"]

1. e4 c5 2. Nf3 d6 3. d4 cxd4 4. Nxd4 Nf6 5. Nc3 g6 6. Be3 Bg7 7. f3 O-O 8. Qd2
Nc6 9. Bc4 Bd7 10. h4 h5 11. O-O-O Na5 12. Bb3 b5 13. g4 hxg4 14. h5 Nxh5 15.
Bh6 e5 16. Ndxb5 Nxb3+ 17. axb3 Bxb5 18. Nxb5 Qf6 19. fxg4 Nf4 20. g5 Qe7 21.
Qh2 Nh5 22. Nxd6 Bxh6 23. gxh6 Rad8 24. Nc4 Qg5+ 25. Kb1 Rxd1+ 26. Rxd1 Qf4 27.
Qg2 Ng3 28. Nd6 Rd8 29. Rd3 Qf6 30. Qxg3 Rxd6 31. Rxd6 Qxd6 32. Qf2 Qe7 33. c4
Kh7 34. c5 Kxh6 35. c6 Kg7 36. Qc2 Qc7 37. Qc5 Kf6 38. b4 Ke6 39. b5 f5 40.
Qd5+ Kf6 41. exf5 gxf5 42. b4 f4 43. Kc2 Qh7+ 44. Kc3 Qe7 1/2-1/2

[Event "National Chess Championship 2015"]
[Site "SLIIT,Malambe"]
[Date "2015.07.04"]
[Round "2"]
[Board "6"]
[White "Peiris, T S S"]
[Black "Weerawardane, Romesh"]
[Result "0-1"]
[WhiteElo "2022"]
[BlackElo "2110"]
[PlyCount "84"]
[EventDate "2015.07.04"]
[EventRounds "13"]
[EventCountry "SRI"]

1. e4 c5 2. c3 Nf6 3. e5 Nd5 4. d4 cxd4 5. Nf3 Nc6 6. cxd4 e6 7. Bd3 Be7 8. O-O
O-O 9. Nc3 Nxc3 10. bxc3 d6 11. Qe2 dxe5 12. dxe5 Qc7 13. Qe4 g6 14. Bf4 b6 15.
Rfe1 Bb7 16. Qe2 Rac8 17. Rac1 Ba3 18. Rc2 Na5 19. Ng5 Be7 20. Ne4 Bxe4 21.
Qxe4 Nc4 22. h4 Rfd8 23. h5 Qc6 24. Qe2 b5 25. Rcc1 Ba3 26. Rc2 a6 27. Rd1 Qc5
28. Re1 Rd7 29. Bg3 Rcd8 30. Bxc4 bxc4 31. Bh4 Rc8 32. Rd2 Rxd2 33. Qxd2 Qd5
34. Rd1 Qxd2 35. Rxd2 gxh5 36. Bf6 h6 37. Kh2 Kh7 38. Re2 Kg6 39. Kg3 Rc7 40.
Rd2 Bc1 41. Rd8 Bg5 42. Rg8+ Kf5 0-1

[Event "National Chess Championship 2015"]
[Site "SLIIT,Malambe"]
[Date "2015.07.04"]
[Round "2"]
[Board "7"]
[White "Edirisinghe, Dulan"]
[Black "Thilakarathne, G M H"]
[Result "1/2-1/2"]
[WhiteElo "2051"]
[BlackElo "1972"]
[PlyCount "63"]
[EventDate "2015.07.04"]
[EventRounds "13"]
[EventCountry "SRI"]

1. e4 e5 2. Nc3 Nf6 3. f4 d5 4. fxe5 Nxe4 5. d3 Nxc3 6. bxc3 d4 7. Nf3 Nc6 8.
cxd4 Bb4+ 9. Bd2 Bxd2+ 10. Qxd2 Nxd4 11. c3 Nxf3+ 12. gxf3 O-O 13. O-O-O Qe7
14. d4 c5 15. f4 cxd4 16. cxd4 Rd8 17. Kb2 Be6 18. Bd3 f5 19. Bc2 Rd7 20. Ba4
b5 21. Bb3 Bxb3 22. axb3 Rad8 23. d5 Rxd5 24. Qxd5+ Rxd5 25. Rxd5 b4 26. Rhd1
h6 27. R1d2 Qc7 28. Rc2 Qb7 29. Rdc5 Qa6 30. Kb1 Qd3 31. Kb2 Qa6 32. Kb1
 1/2-1/2

[Event "National Chess Championship 2015"]
[Site "SLIIT,Malambe"]
[Date "2015.07.05"]
[Round "3"]
[Board "1"]
[White "Thilakarathne, G M H"]
[Black "Galappaththi, Chinthaka Anurud"]
[Result "1/2-1/2"]
[WhiteElo "1972"]
[BlackElo "2098"]
[PlyCount "39"]
[EventDate "2015.07.04"]
[EventRounds "13"]
[EventCountry "SRI"]

1. e4 d5 2. exd5 Qxd5 3. Nc3 Qa5 4. d4 c6 5. Nf3 Nf6 6. Bc4 Bg4 7. h3 Bh5 8. g4
Bg6 9. Bd2 Qb6 10. Bb3 Nbd7 11. Qe2 O-O-O 12. O-O-O e6 13. Ne5 Nxe5 14. dxe5
Nd5 15. Nxd5 exd5 16. Be3 Qa5 17. Bd2 Qb6 18. Be3 Qa5 19. Bd2 Qb6 20. Be3
 1/2-1/2

[Event "National Chess Championship 2015"]
[Site "SLIIT,Malambe"]
[Date "2015.07.05"]
[Round "3"]
[Board "2"]
[White "Weerawardane, Romesh"]
[Black "Edirisinghe, Dulan"]
[Result "0-1"]
[WhiteElo "2110"]
[BlackElo "2051"]
[PlyCount "116"]
[EventDate "2015.07.04"]
[EventRounds "13"]
[EventCountry "SRI"]

1. Nf3 Nf6 2. d4 c5 3. c4 cxd4 4. Nxd4 e5 5. Nb5 d5 6. cxd5 Bc5 7. e3 O-O 8.
N5c3 e4 9. Be2 Re8 10. O-O Nbd7 11. Nd2 Nb6 12. Qc2 Bd6 13. g3 Qe7 14. Rd1 Bf5
15. Nc4 Nxc4 16. Bxc4 Rac8 17. Bf1 Bg4 18. Be2 Qd7 19. Bxg4 Nxg4 20. h3 Nf6 21.
Kg2 h5 22. Qe2 h4 23. g4 a6 24. Bd2 Qe7 25. Rh1 Nh7 26. f4 exf3+ 27. Qxf3 Ng5
28. Qf5 g6 29. Qd3 Qe5 30. Be1 Ne4 31. Nxe4 Qxe4+ 32. Qxe4 Rxe4 33. Kf3 Rce8
34. Bf2 g5 35. Rad1 Bc5 36. Rd3 Bd6 37. Rc1 Kg7 38. b3 f5 39. gxf5 Kf6 40. Rc4
Kxf5 41. Rdd4 Rxd4 42. Rxd4 Rf8 43. Bg1 Bg3 44. e4+ Ke5+ 45. Ke2 g4 46. hxg4 h3
47. Rd1 Kxe4 48. Be3 h2 49. Rd4+ Ke5 50. Rd1 Rf7 51. g5 Ke4 52. b4 Be5 53. Rh1
Kxd5 54. Kd3 Rf3 55. Ke2 Ke4 56. Bf2 Ra3 57. Bc5 Rxa2+ 58. Kf1 Kf3 0-1

[Event "National Chess Championship 2015"]
[Site "SLIIT,Malambe"]
[Date "2015.07.05"]
[Round "3"]
[Board "3"]
[White "Doluweera, Minul Sanjula"]
[Black "Peiris, T S S"]
[Result "0-1"]
[WhiteElo "2042"]
[BlackElo "2022"]
[PlyCount "56"]
[EventDate "2015.07.04"]
[EventRounds "13"]
[EventCountry "SRI"]

1. c4 e5 2. Nc3 Nf6 3. g3 Bb4 4. Nd5 Nxd5 5. cxd5 O-O 6. Bg2 d6 7. e3 Nd7 8.
Ne2 Nf6 9. O-O Re8 10. d4 e4 11. Qa4 c5 12. dxc6 Ba5 13. cxb7 Bxb7 14. b4 Bb6
15. Ba3 Bc8 16. Rfc1 Bd7 17. Qb3 Be6 18. Qd1 Qd7 19. b5 Rac8 20. Nc3 Bc4 21.
Bf1 d5 22. Bxc4 Rxc4 23. Qb3 Qh3 24. Nxd5 Ng4 25. Qb2 Nxh2 26. f4 Nf3+ 27. Kf2
Qh2+ 28. Kf1 Qg1+ 0-1

[Event "National Chess Championship 2015"]
[Site "SLIIT,Malambe"]
[Date "2015.07.05"]
[Round "3"]
[Board "4"]
[White "Kurukulasuriya, Prasanna"]
[Black "Herath, H M A K"]
[Result "1/2-1/2"]
[WhiteElo "2084"]
[BlackElo "2014"]
[PlyCount "93"]
[EventDate "2015.07.04"]
[EventRounds "13"]
[EventCountry "SRI"]

1. e4 c5 2. Nf3 d6 3. d4 cxd4 4. Nxd4 Nf6 5. Nc3 g6 6. Be3 Bg7 7. f3 O-O 8. Qd2
Nc6 9. Bc4 Bd7 10. O-O-O Rb8 11. Bb3 Ne5 12. Bh6 b5 13. g4 Qb6 14. Bxg7 Kxg7
15. g5 Nh5 16. Nd5 Qd8 17. f4 Nc4 18. Bxc4 bxc4 19. f5 Kh8 20. Qc3 Kg8 21. h4
Rc8 22. Rhe1 Rc5 23. Ne3 e5 24. Ng4 f6 25. Nf3 Qe7 26. Rg1 Kh8 27. fxg6 hxg6
28. gxf6 Nxf6 29. Nxf6 Qxf6 30. Ng5 Rc6 31. Kb1 Qf4 32. a3 Kg7 33. h5 Bg4 34.
Qb4 Rb6 35. Qa5 Rfb8 36. Ne6+ Bxe6 37. Rxg6+ Kf7 38. Qxa7+ R8b7 39. Qa8 Rxb2+
40. Ka1 Ke7 41. Rxe6+ Kxe6 42. Qe8+ Kf6 43. Qg6+ Ke7 44. Qxd6+ Kf7 45. Qg6+ Ke7
46. Qd6+ Kf7 47. Qg6+ 1/2-1/2

[Event "National Chess Championship 2015"]
[Site "SLIIT,Malambe"]
[Date "2015.07.05"]
[Round "3"]
[Board "5"]
[White "Naotunna, Dineth Nimnaka"]
[Black "Priyankara, Chamil"]
[Result "0-1"]
[WhiteElo "1930"]
[BlackElo "2018"]
[PlyCount "64"]
[EventDate "2015.07.04"]
[EventRounds "13"]
[EventCountry "SRI"]

1. d4 Nf6 2. c4 g6 3. Nc3 Bg7 4. e4 d6 5. f3 O-O 6. Bg5 c5 7. d5 e6 8. Qd2 exd5
9. exd5 Re8+ 10. Nge2 a6 11. O-O-O b5 12. Qf4 Nh5 13. Bxd8 Nxf4 14. Bg5 Nxe2+
15. Nxe2 Nd7 16. Ng3 f5 17. Bf4 Ne5 18. cxb5 axb5 19. Bxb5 Re7 20. a3 Rb8 21.
a4 Bd7 22. Bg5 Rf7 23. Rhe1 Bxb5 24. axb5 Rxb5 25. f4 Nc4 26. Re8+ Rf8 27. Rde1
Rxb2 28. R8e2 Rxe2 29. Nxe2 Ne3 30. Kd2 Nxd5 31. Kd3 Kf7 32. h3 Ke6 {poor
recording} 0-1

[Event "National Chess Championship 2015"]
[Site "SLIIT,Malambe"]
[Date "2015.07.05"]
[Round "3"]
[Board "6"]
[White "Piyumantha, M Sasith Nipun"]
[Black "Subasinghe, K R V R"]
[Result "0-1"]
[WhiteElo "1928"]
[BlackElo "1874"]
[PlyCount "68"]
[EventDate "2015.07.04"]
[EventRounds "13"]
[EventCountry "SRI"]

1. d4 d5 2. c4 c6 3. Nf3 Nf6 4. Bf4 e6 5. e3 Be7 6. h3 dxc4 7. Bxc4 a6 8. O-O
b5 9. Bd3 Bb7 10. a4 O-O 11. axb5 cxb5 12. Nbd2 Nbd7 13. Bg5 Re8 14. Bxf6 Bxf6
15. Be4 Qb6 16. Bxb7 Qxb7 17. Nb3 e5 18. dxe5 Nxe5 19. Nxe5 Bxe5 20. Nc5 Qc6
21. Nd3 Bf6 22. Qe2 h6 23. Rac1 Qd6 24. Rc2 Rac8 25. Rfc1 Rxc2 26. Qxc2 Rd8 27.
Rd1 Qd5 28. Rd2 Qc4 29. Qd1 a5 30. Ne1 Rxd2 31. Qxd2 b4 32. Nd3 b3 33. Ne1 a4
34. f3 a3 0-1

[Event "National Chess Championship 2015"]
[Site "SLIIT,Malambe"]
[Date "2015.07.05"]
[Round "3"]
[Board "7"]
[White "De Silva, Elath Mathanga"]
[Black "Alahakoon, Isuru"]
[Result "0-1"]
[WhiteElo "1985"]
[BlackElo "2054"]
[PlyCount "114"]
[EventDate "2015.07.04"]
[EventRounds "13"]
[EventCountry "SRI"]

1. d4 Nf6 2. Nf3 g6 3. Bg5 Bg7 4. Nbd2 O-O 5. c3 d6 6. e4 h6 7. Bh4 Qe8 8. Bd3
e5 9. dxe5 dxe5 10. O-O Nbd7 11. b4 Nh5 12. Re1 Nf4 13. Bf1 Nb6 14. a4 a5 15.
b5 Bg4 16. h3 Be6 17. Qc2 g5 18. Bg3 Qe7 19. c4 Nd7 20. Nb3 h5 21. Nfd2 h4 22.
Bh2 g4 23. hxg4 Bxg4 24. Qc3 Qg5 25. Qe3 Bh6 26. g3 Nh3+ 27. Bxh3 Qxe3 28. fxe3
Bxh3 29. gxh4 Kh7 30. Bg3 Rg8 31. Kh2 Be6 32. Nf3 f6 33. Rad1 Rg4 34. Rd3 Rag8
35. Rg1 b6 36. Nfd2 Bf8 37. Bf2 Nc5 38. Nxc5 Bxc5 39. Rxg4 Rxg4 40. Rd8 Rg8 41.
Rxg8 Kxg8 42. Kg3 Bb4 43. Be1 Kg7 44. Kf3 Bxd2 45. Bxd2 Bxc4 46. Bc1 Bb3 47.
Ba3 Bxa4 48. Ke2 Bxb5+ 49. Kd2 c5 50. Kc3 Kg6 51. Bc1 Kh5 52. Bd2 Kxh4 53. Be1+
Kg4 54. Kb3 Bd3 55. Ka4 Bxe4 56. Bc3 c4 57. Kb5 Kf3 0-1

[Event "National Chess Championship 2015"]
[Site "SLIIT,Malambe"]
[Date "2015.07.05"]
[Round "4"]
[Board "1"]
[White "Galappaththi, Chinthaka Anurud"]
[Black "Alahakoon, Isuru"]
[Result "1-0"]
[WhiteElo "2098"]
[BlackElo "2054"]
[PlyCount "57"]
[EventDate "2015.07.04"]
[EventRounds "13"]
[EventCountry "SRI"]

1. d4 Nf6 2. Nf3 d5 3. e3 c5 4. c4 Nc6 5. cxd5 Qxd5 6. Nc3 Qd8 7. d5 Nb4 8. e4
g6 9. a3 Na6 10. e5 Ng4 11. h3 Nh6 12. Bb5+ Bd7 13. Bxd7+ Qxd7 14. e6 Qc7 15.
Qa4+ Kd8 16. Bf4 Qc8 17. Bxh6 Bxh6 18. Ne5 Bg7 19. Nxf7+ Kc7 20. Qf4+ Kb6 21.
a4 Bxc3+ 22. bxc3 Nc7 23. a5+ Kb5 24. Qa4+ Ka6 25. Qc4+ Nb5 26. Rb1 Qe8 27.
Nxh8 Kxa5 28. Nf7 a6 29. Qa2+ 1-0

[Event "National Chess Championship 2015"]
[Site "SLIIT,Malambe"]
[Date "2015.07.05"]
[Round "4"]
[Board "2"]
[White "Subasinghe, K R V R"]
[Black "De Silva, Elath Mathanga"]
[Result "1-0"]
[WhiteElo "1874"]
[BlackElo "1985"]
[PlyCount "78"]
[EventDate "2015.07.04"]
[EventRounds "13"]
[EventCountry "SRI"]

1. e4 g6 2. d4 Bg7 3. Bc4 c5 4. c3 Qc7 5. Qb3 e6 6. Ne2 d6 7. Be3 Nf6 8. Bb5+
Nbd7 9. f3 a6 10. Bxd7+ Bxd7 11. Nd2 b5 12. O-O O-O 13. Qd1 a5 14. Qe1 cxd4 15.
Bxd4 e5 16. Be3 d5 17. Qh4 b4 18. Rac1 Qb7 19. c4 dxe4 20. Nxe4 Nxe4 21. fxe4
h5 22. Ng3 Qc6 23. Qe7 Be6 24. b3 Rfe8 25. Qc5 Qxc5 26. Bxc5 h4 27. Nh1 Bh6 28.
Rcd1 Rec8 29. Bb6 a4 30. Rfe1 axb3 31. axb3 Ra3 32. Rb1 Rc6 33. Bd8 h3 34. gxh3
Rd6 35. Be7 Rd3 36. Bxb4 Raxb3 37. Rxb3 Rxb3 38. Be7 Bxc4 39. Kg2 Rb2+ {poor
recording} 1-0

[Event "National Chess Championship 2015"]
[Site "SLIIT,Malambe"]
[Date "2015.07.05"]
[Round "4"]
[Board "3"]
[White "Priyankara, Chamil"]
[Black "Piyumantha, M Sasith Nipun"]
[Result "1/2-1/2"]
[WhiteElo "2018"]
[BlackElo "1928"]
[PlyCount "62"]
[EventDate "2015.07.04"]
[EventRounds "13"]
[EventCountry "SRI"]

1. e4 c5 2. Nc3 g6 3. f4 Bg7 4. Nf3 Nc6 5. Bb5 Nd4 6. O-O e6 7. Kh1 Ne7 8. Nxd4
cxd4 9. Ne2 O-O 10. Bd3 d5 11. e5 f6 12. exf6 Bxf6 13. b3 Nc6 14. Bb2 Bd7 15.
a3 e5 16. fxe5 Bxe5 17. Rxf8+ Qxf8 18. Qg1 Qg7 19. Rf1 Rf8 20. Rxf8+ Kxf8 21.
Qf1+ Qf7 22. Qxf7+ Kxf7 23. Bb5 Ke7 24. Bxc6 bxc6 25. Bxd4 Bg4 26. Bxe5 Bxe2
27. Bd4 Bd1 28. Bxa7 Bxc2 29. b4 Ke6 30. Kg1 Ke5 31. Kf2 Ke4 {Poor Recording}
 1/2-1/2